Compendio de la vida del rey don Carlos III de España /

Сохранить в:
Библиографические подробности
Главный автор: Fernán-Núñez, Carlos Gutiérrez de los Ríos (autor)
Формат:
Язык:испанский
Опубликовано: Madrid, España : Atlas, 1943, c1943
Редактирование:Edición abreviada
Серии:(Cisneros ; 49)
Предметы:
Метки: Добавить метку
Нет меток, Требуется 1-ая метка записи!

MARC

LEADER 00000nam^a2200000^a^4500
001 000301909
005 20250521000000.0
009 20260310112557.204
025 |a Donación Robles Martínez, 1 ejemplar 
037 |a Acervo ITESO - Biblioteca 
041 |a ESP 
082 |a 946. 057  |b FER 
100 |a Fernán-Núñez, Carlos Gutiérrez de los Ríos,  |e (autor) 
245 1 0 |a Compendio de la vida del rey don Carlos III de España /  |c Conde-Duque de Fernán-Núñez. 
250 |a Edición abreviada 
264 4 |a Madrid, España :  |b Atlas,  |c 1943, c1943 
300 |a 192 p. 
336 |a texto  |b txt  |2 rdacontenido 
337 |a sin mediación  |b n  |2 rdamedio 
338 |a volumen  |b nc  |2 rdasoporte 
440 1 |a (Cisneros ;  |v 49) 
649 |a XX 
650 |a Reyes Españoles -  |x Biografías 
650 |a Políticos Españoles -  |x Biografías 
650 |a España -  |x Historia -  |y Carlos III, 1759-1788 
650 |a España -  |x Historia -  |y Siglo XVIII 
650 |a España -  |x Historia -  |y Borbones, 1700-1931 
650 |a Carlos III, Rey de España -  |x Tema Principal 
910 |a Fondo Robles Martínez 
920 |a Impresos - Libros 
930 |a Fondos Especiales 
905 |a 123 
901 |a 0500188110  |b IT2  |c ESP  |i D  |u 20250521 
902 |a https://opac.biblio.iteso.mx/vufind/Record/000301909